000 00315nam a22001337a 4500
008 181016b xxu||||| |||| 00| 0 eng d
020 _a0887068723
041 _aeng
080 _a159.9
100 _a49
101 _aPSI
245 _aThe Psychology of Women a manual of resources
_cPaludi,M.A
942 _2udc
_cBK
999 _c49871
_d49871